| 000 | 00659nam a2200217 a 4500 | ||
|---|---|---|---|
| 005 | 20230330063508.0 | ||
| 008 | 991125s1987 mad 000 0 spa u | ||
| 020 | _a8427706057 | ||
| 035 | _aUPN01000015992 | ||
| 049 | _aCG | ||
| 050 | 4 |
_aLB3013 _bC9.38 1987 |
|
| 100 | 1 |
_aCurwin, Richard L., _d1944- _931172 |
|
| 245 | 1 | 3 |
_aLa disciplina en clase : _borganización del centro y del aula / _cRichard L. Curwin, Allen N. Mendler ; tr. Amparo Bóveda. |
| 250 | _a2a ed. | ||
| 260 |
_aMadrid : _bNarcea, _c1987. |
||
| 300 | _a255 p. | ||
| 440 | 0 | _aEducación hoy | |
| 650 | 4 |
_aDisciplina escolar _91521 |
|
| 700 | 1 |
_aMendler, A. N., _ecoaut. |
|
| 905 | _aLibro | ||
| 999 |
_c15992 _d15992 |
||